Classifica Serie A 21/22 - Statistics

Statistiche generali
  • Questo quiz è stato fatto 486 volte
  • Il punteggio medio è 17 su 20
Statistiche sulle risposte
# P Risposta % Corretto
84 Inter
100%
86 Milan
100%
70 Juve
99%
64 Lazio
99%
79 Napoli
99%
63 Roma
99%
62 Fiorentina
97%
59 Atalanta
93%
10º 50 Torino
82%
11º 50 Sassuolo
78%
13º 46 Bologna
76%
19º 28 Genoa
76%
53 Hellas Verona
75%
17º 31 Salernitana
73%
12º 47 Udinese
73%
18º 30 Cagliari
72%
15º 36 Sampdoria
72%
14º 41 Empoli
69%
20º 27 Venezia
69%
16º 36 Spezia
63%
Nessun quiz corrispondente trovato
Distribuzione punteggi
Percentuale di utenti per punteggio
Percentile per numero di risposta
I tuoi punteggi nel tempo
Non hai fatto questo quiz